书目信息 |
| 题名: |
汉字教与学
|
|
| 作者: | 戴汝潜 , 谢锡金 , 郝嘉杰 主编 | |
| 分册: | ||
| 出版信息: | 济南 山东教育出版社 1999.05 |
|
| 页数: | 425页 | |
| 开本: | 21cm | |
| 丛书名: | ||
| 单 册: | ||
| 中图分类: | H193.3 | |
| 科图分类: | ||
| 主题词: | 汉语--识字教学 | |
| 电子资源: | ||
| ISBN: | 7-5328-2908-1 | |
| 000 | 00602nam0 2200217 45 | |
| 001 | 0112100955 | |
| 005 | 20031219104051.8 | |
| 010 | @a7-5328-2908-1@dCNY17.00 | |
| 100 | @a20011210d1999 km y0chiy0120 ea | |
| 101 | 0 | @achi |
| 105 | @a z 000yy | |
| 200 | 1 | @a汉字教与学@AHan Zi Jiao Yu Xue@f戴汝潜主编@FDai Ru Qian Zhu Bian |
| 210 | @a济南@c山东教育出版社@d1999.05 | |
| 215 | @a425页@d21cm | |
| 606 | 0 | @a汉语@x识字教学 |
| 690 | @aH193.3@v4 | |
| 701 | 0 | @a戴汝潜@4主编 |
| 701 | 0 | @a谢锡金@4副主编 |
| 701 | 0 | @a郝嘉杰@4副主编 |
| 801 | @aCN@bTSTC@c20011217 | |
| 905 | @f5@b301333-337@dH193.3@e153 | |
| 汉字教与学/戴汝潜主编.-济南:山东教育出版社,1999.05 |
| 425页;21cm |
| ISBN 7-5328-2908-1:CNY17.00 |
| ● |
| 相关链接 |
|
|
|
|
正题名:汉字教与学
索取号:H193.3/153
 
预约/预借
| 序号 | 登录号 | 条形码 | 馆藏地/架位号 | 状态 | 备注 |
| 1 | 0301333 | 203013336 | 第四借阅区/ [索取号:H193.3/153] | 在馆 | |
| 2 | 0301334 | 203013345 | 第四借阅区/ [索取号:H193.3/153] | 在馆 | |
| 3 | 0301335 | 203013354 | 第四借阅区/ [索取号:H193.3/153] | 在馆 | |
| 4 | 0301336 | 203013363 | 第四借阅区/ [索取号:H193.3/153] | 在馆 | |
| 5 | 0301337 | 203013372 | 第二样本阅览室/ [索取号:H193.3/153] | 在馆 | |
| 6 | 0329400 | 203294005 | 第四借阅区/ [索取号:H193.3/153] | 在馆 | |
| 7 | 0329401 | 203294014 | 第四借阅区/ [索取号:H193.3/153] | 在馆 | |
| 8 | 0329402 | 203294023 | 第四借阅区/ [索取号:H193.3/153] | 在馆 | |
| 9 | 0329403 | 203294032 | 第四借阅区/ [索取号:H193.3/153] | 在馆 | |
| 10 | 0329404 | 203294041 | 第四借阅区/ [索取号:H193.3/153] | 在馆 |